ბათუმის შოთა რუსთაველის სახელმწიფო უნივერსიტეტის ბიბლიოთეკა

ქართულ-ბიზანტიური ტიხროვანი მინანქრის მინერალოგიურ თავისებურებათა კვლევა ინოვაციური მეთოდებით : (ბიბ.ჩანაწერი № 60939)

000 -ლიდერი
ფიქსირებული სიგრძის საკონტროლო ველი 02291nam a22002777a 4500
003 - საკონტროლო ნომრის იდენტიფიკატორი
საკონტროლო ველი Ge_BSU
005 - ბოლო ოპერაციის თარიღი და დრო
საკონტროლო ველი 20231124165906.0
008 - ფიქსირებული სიგრძის მონაცემთა ელემენტები - ზოგადი ინფორმაცია
ფიქსირებული სიგრძის საკონტროლო ველი 231124s2021 ge ||||| |||| 00| 0 geo d
020 ## - წიგნის საერთაშორისო სტანდარტული ნომერი
International Standard Book Number 9789941286674
041 ## - ენის კოდი
Language code of text/sound track or separate title geo
080 ## - უნივერსალური ათობითი კლასიფიკაციის ინდექსი
Universal Decimal Classification number 666.29(495)+738.4(479.22) მ-40
100 ## - მთავარი ჩანაწერი - პიროვნების სახელი
Personal name მაღრაძე, ერმინე
9 (RLIN) 20475
245 ## - ცნობა სათაურის შესახებ
Title ქართულ-ბიზანტიური ტიხროვანი მინანქრის მინერალოგიურ თავისებურებათა კვლევა ინოვაციური მეთოდებით :
Remainder of title [მონოგრაფია] /
Statement of responsibility, etc ერმინე მაღრაძე ; რედაქტორი ლია მამალაძე ; ყდის დიზაინერი და ფოტომასალის ავტორი მუხრან მახარაძე ; საქართველოს ტექნიკური უნივერსიტეტი.
264 ## - წარმოების, გამოცემის, დისტრიბუციის და სხვა ცნობები
გამოცემის, წარმოების, დისტრიბუციის... ადგილი თბილისი :
გამოცემის, წარმოების, დისტრიბუციის... სახელწოდება ტექნიკური უნივერსიტეტი,
გამოცემის, წარმოების, დისტრიბუციის... თარიღი 2021.
300 ## - ფიზიკური აღწერა
Extent 192 გვ. :
Other physical details სურ., ცხრ. ;
Dimensions 22 სმ
500 ## - ზოგადი შენიშვნა
General note კვლევა-ძიება წარიმართა შოთა რუსთაველის ეროვნული სამეცნიერო ფონდის ფინანსური მხარდაჭერით.
504 ## - BIBLIOGRAPHY, ETC. NOTE
Bibliography, etc ბიბლიოგრაფია: გვ. 184-189.
653 ## - INDEX TERM--UNCONTROLLED
Uncontrolled term ბიზანტიური ტიხრული მინანქრის ტექნოლოგია
653 ## - INDEX TERM--UNCONTROLLED
Uncontrolled term ქართული ტიხრული მინანქრის ტექნოლოგია
653 ## - INDEX TERM--UNCONTROLLED
Uncontrolled term ქართული ტიხრული მინანქარი
653 ## - INDEX TERM--UNCONTROLLED
Uncontrolled term ბიზანტიური ტიხრული მინანქარი
700 ## - ADDED ENTRY--PERSONAL NAME
Personal name მამალაძე, ლია
Relator term რედაქტორი.
9 (RLIN) 20476
700 ## - ADDED ENTRY--PERSONAL NAME
Personal name მახარაძე, მუხრან
Relator term ყდის დიზაინერი
9 (RLIN) 20477
710 ## - ADDED ENTRY--CORPORATE NAME
Corporate name or jurisdiction name as entry element საქართველოს ტექნიკური უნივერსიტეტი.
9 (RLIN) 20478
942 ## - ADDED ENTRY ELEMENTS (KOHA)
Source of classification or shelving scheme
Koha item type წიგნი
ეგზემპლარები
ჩამოწერის სტატუსი დაკარგული ეგზემპლარის სტატუსი კლასიფიკაციის წყარო ან თაროზე გაწყობის სქემა დაზიანების სტატუსი არ გაიცემა მუდმივი მდებარეობა (დაცვის ადგილი) ამჟამინდელი ადგილსამყოფელი თაროზე განთავსების ადგილი შეძენის თარიღი ღირებულება, შესყიდვის ნორმალური ფასი სრული შენახვის შიფრი შტრიხკოდი ბოლო ოპერაციის თარიღი ეგზემპლარის მიმდევრობითი ნომერი (კეტერი?) Uniform Resource Identifier ფასის ძალაში შესვლის თარიღი ეგზემპლარის სახეობა საჯარო შენიშვნა
          ბათუმის შოთა რუსთაველის სახელმწიფო უნივერსიტეტის მთავარი ბიბლიოთეკა ბათუმის შოთა რუსთაველის სახელმწიფო უნივერსიტეტის მთავარი ბიბლიოთეკა წიგნსაცავი 2023-11-24 10.00 666.29(495)+738.4(479.22) მ-40 66936 2023-11-24 66936 ნაჩუქარი 2023-11-24 წიგნი 10 ლ.
          ბათუმის შოთა რუსთაველის სახელმწიფო უნივერსიტეტის მთავარი ბიბლიოთეკა ბათუმის შოთა რუსთაველის სახელმწიფო უნივერსიტეტის მთავარი ბიბლიოთეკა წიგნსაცავი 2024-06-04 12.00 666.29(495)+738.4(479.22) მ-40 65952 2024-06-04 65952   2024-06-04 წიგნი 12 ლ.
          ბათუმის შოთა რუსთაველის სახელმწიფო უნივერსიტეტის მთავარი ბიბლიოთეკა ბათუმის შოთა რუსთაველის სახელმწიფო უნივერსიტეტის მთავარი ბიბლიოთეკა წიგნსაცავი 2024-06-04 12.00 666.29(495)+738.4(479.22) მ-40 65953 2024-06-04 65953   2024-06-04 წიგნი 12 ლ.